000 00308nam a22001337a 4500
008 170607b xxu||||| |||| 00| 0 eng d
020 _a0030689064
041 _aeng
080 _24 ED
_a329
100 _a18
101 _aSHP
245 _aPARTIES POLITICSAND PUBLIC POLICY
_cKEEFE.W.J
942 _2udc
_cBK
999 _c16307
_d16307